[Event "Belgrade"]
[Site "Belgrade"]
[Date "1994.??.??"]
[Round "4"]
[White "Greenfeld, Alon"]
[Black "Spasov, Vasil"]
[Result "0-1"]
[WhiteElo "2600"]
[BlackElo "2525"]
[Annotator "Dautov,R"]
[PlyCount "70"]
[EventDate "1994.??.??"]
[EventType "tourn"]
[EventRounds "9"]
[EventCountry "YUG"]
[EventCategory "12"]
[SourceTitle "CBM 043"]
[Source "ChessBase"]
[SourceDate "1994.12.01"]
[SourceVersion "1"]
[SourceVersionDate "1994.12.01"]
[SourceQuality "1"]

1. d4 Nf6 2. c4 g6 3. Nf3 Bg7 4. g3 O-O 5. Bg2 d6 6. O-O Nbd7 7. Nc3 e5 8. e4
exd4 9. Nxd4 Re8 10. h3 Nc5 11. Re1 Bd7 12. Rb1 h6 13. b3 (13. b4 Ne6 14. Nf3 (
14. Be3 $2 Ng5) 14... a5 $132) (13. Kh2 $5 {/\b4}) 13... a6 (13... a5 14. Kh2
Qc8 15. Bf4 a4 16. b4 Ne6 17. Nxe6 Bxe6 18. Nd5 $14) 14. Bb2 Rb8 15. b4 Ne6 16.
Nde2 $146 (16. Nf3 $142 {/\e5} Ng5 17. Nxg5 hxg5 18. Qd2 g4 19. hxg4 Nxg4 (
19... Bxg4 $142) 20. Nd5 c6 21. Bxg7 Kxg7 22. Qd4+ Ne5 23. Ne3 $14 {Ribli-Vogt/
Baden Baden/1992}) 16... b5 17. cxb5 axb5 18. Nd5 (18. f4 c6 19. Qxd6 Bf8 20.
Qd2 Bxb4 21. e5 Nd5 $13) 18... Nxd5 19. exd5 Ng5 $10 20. Nf4 Be5 $5 (20...
Rxe1+ 21. Qxe1 Bxb2 22. Rxb2 Ra8 $10) 21. h4 Nh7 (21... Bxf4 22. gxf4 Nh7 23.
Qd4 f6 24. Be4 Rxe4 25. Rxe4 Bf5 26. f3 $16) (21... Bxb2 22. Rxb2 Rxe1+ 23.
Qxe1 Nh7 $10) 22. Nd3 (22. Bxe5 $1 Rxe5 23. Rxe5 dxe5 24. Nd3 Bf5 25. Rc1 e4 $1
(25... Bxd3 26. Qxd3 Nf6 27. Rc5 Qd7 28. Qe3 Ng4 29. Qc3 Qf5 30. Qc2 Qxc2 31.
Rxc2 $16) 26. Nc5 Nf6 27. Qd4 Ra8 28. Bxe4 Nxe4 29. Nxe4 Bxe4 30. Qxe4 Rxa2 $10
) 22... Bxb2 23. Rxe8+ Qxe8 24. Rxb2 Bf5 25. Nf4 $2 (25. Re2 Qd7 26. Nf4 $10)
25... Qe5 26. Qc1 (26. Re2 Qc3 27. Qe1 Qxe1+ 28. Rxe1 Ra8 29. Re7 Rxa2 30. Rxc7
Nf6 $15) 26... Nf6 $15 {><g4} 27. Re2 Qd4 28. Qxc7 $2 (28. Qd2 Qxd2 29. Rxd2
Ra8 30. Bf1 Ne4 31. Rb2 Nc3 32. Rb3 Nxa2 33. Bxb5 Rb8 $17) 28... Rc8 29. Qe7 (
29. Qxd6 Rc1+ 30. Bf1 Qd1 $19) 29... Rc1+ 30. Re1 Ne4 $1 31. Rxc1 (31. Qe8+ Kg7
32. Nh5+ gxh5 33. Rxc1 Qxf2+ 34. Kh1 Nxg3+ 35. Kh2 Ne2 $19) 31... Qxf2+ 32. Kh1
Nxg3+ 33. Kh2 Qxf4 34. Rc7 (34. Re1 Ne4+ 35. Kh1 Nf2+ 36. Kg1 Ng4 $19 {/\Qh2,
Bd3}) 34... Ne2+ 35. Kh1 Be4 $1 (35... Be4 $1 36. Qe8+ Kg7 37. Rxf7+ Qxf7 38.
Qxf7+ Kxf7 39. Bxe4 Ng3+ $19) 0-1

[Event "Linares zt"]
[Site "Linares"]
[Date "1995.??.??"]
[Round "10"]
[White "Illescas Cordoba, Miguel"]
[Black "Piket, Jeroen"]
[Result "1-0"]
[WhiteElo "2620"]
[BlackElo "2625"]
[Annotator "Dautov,R"]
[PlyCount "81"]
[EventDate "1995.11.??"]
[EventType "swiss"]
[EventRounds "11"]
[EventCountry "ESP"]
[SourceTitle "CBM 051"]
[Source "ChessBase"]
[SourceDate "1996.04.01"]
[SourceVersion "1"]
[SourceVersionDate "1996.04.01"]
[SourceQuality "1"]

1. d4 Nf6 2. Nf3 d6 3. g3 g6 4. Bg2 Bg7 5. O-O O-O 6. c4 Nbd7 7. Nc3 e5 8. e4
a6 9. Qc2 exd4 10. Nxd4 Ne5 11. b3 c5 12. Nde2 Rb8 13. a4 (13. Be3 b5 14. Rad1
$13) 13... Bg4 {N} (13... Re8 14. h3 b6 15. Bg5 h6 16. Be3 h5 17. Rad1 Qc7 18.
Rd2 (18. Nd5 Nxd5 19. cxd5 {/\f4,e5 Epishin}) 18... Bb7 19. Rfd1 Bf8 20. Nf4
Rbd8 21. Re2 Bg7 22. Nfd5 Nxd5 23. Nxd5 (23. exd5 $142 $1 {Epishin}) 23... Bxd5
24. cxd5 Nd7 25. f4 Qb8 $10 {Epishin,V-Polgar,J/Madrid (07) ;CBM 47 1995}) 14.
f3 Bd7 15. Rd1 Ne8 16. f4 Nc6 (16... Ng4 $2 17. h3 Ngf6 18. e5 dxe5 19. fxe5
Nh5 20. g4 $18) 17. Be3 $6 (17. Bb2 $13) 17... Bg4 18. Rab1 (18. Rd2 $2 Bxe2
19. Rxe2 Nd4 20. Bxd4 cxd4 21. Nd5 d3 $19) 18... Qa5 $2 (18... Bxc3 $1 19. Nxc3
Bxd1 20. Rxd1 Nb4 21. Qd2 Qe7 22. h4 $44) 19. h3 Bxe2 20. Nxe2 $14 {[%csl Rd6]
><d6} b5 21. axb5 axb5 22. cxb5 Rxb5 23. Kh2 h5 24. Qc4 $1 {/\e5} Rb4 (24...
Qb6 $2 25. Nc3 Rb4 26. Nd5 Rxc4 27. Nxb6 Rc3 28. Bd2 Rc2 29. Nd7 $18) 25. Bd2
$1 Rxc4 26. Bxa5 Rc2 27. Rd2 Rxd2 28. Bxd2 {/\e5} Nd4 (28... Nc7 $2 29. e5 d5
30. Rc1 $18) (28... Ne7 29. b4 cxb4 30. Bxb4 {/\e5} f6 31. Nd4 $16) 29. Nxd4
Bxd4 30. b4 Nf6 $2 (30... cxb4 31. Bxb4 $16) (30... Nc7 {>=} 31. b5 (31. bxc5
dxc5 32. Rb7 Ne6 33. Bf1 $14) 31... Rb8 32. Bf1 (32. b6 Ne6 33. Bf1 c4 34. Bxc4
Rxb6 $10) 32... Na8 33. Ba5 Nb6 34. Bxb6 Rxb6 35. Rb3 Kf8 36. Ra3 Rb7 37. Ra6
Ke7 38. Bc4 $14 {/\b6,Bd5}) 31. b5 $1 $16 Nd7 (31... c4 $2 32. Rb4 Rc8 33. b6
Rb8 34. b7 c3 35. Rxd4 cxd2 36. e5 dxe5 37. fxe5 Ne8 38. Rxd2 $18) 32. Ba5 Ra8
(32... c4 $2 33. Rd1 Bc5 34. e5 $16) 33. Bc7 Ra2 34. b6 c4 35. b7 Bb2 36. Rd1
$1 $18 (36. Bxd6 $2 c3 37. Be5 Ra7 $1 (37... c2 $2 38. Rxb2 c1=Q 39. b8=Q+ Nxb8
40. Rxb8+ Kh7 41. Rh8#) 38. b8=Q+ Nxb8 39. Bxc3 Bxc3 40. Rxb8+ Kg7 $10) 36...
c3 37. Rxd6 Ra7 38. Rxd7 Rxb7 39. Rd8+ Kg7 40. Rc8 c2 41. Be5+ 1-0

[Event "Groningen"]
[Site "Groningen"]
[Date "1995.??.??"]
[Round "11"]
[White "Hansen, Curt"]
[Black "Van Wely, Loek"]
[Result "0-1"]
[WhiteElo "2635"]
[BlackElo "2585"]
[Annotator "Dautov,R"]
[PlyCount "96"]
[EventDate "1995.12.??"]
[EventType "tourn"]
[EventRounds "11"]
[EventCountry "NED"]
[EventCategory "17"]
[SourceTitle "CBM 051"]
[Source "ChessBase"]
[SourceDate "1996.04.01"]
[SourceVersion "1"]
[SourceVersionDate "1996.04.01"]
[SourceQuality "1"]

1. c4 Nf6 2. Nf3 g6 3. d4 Bg7 4. g3 O-O 5. Bg2 d6 6. O-O Nbd7 7. Nc3 e5 8. e4
a6 9. Qc2 exd4 10. Nxd4 Re8 11. Rd1 Rb8 {N} (11... Ne5 12. c5 Bd7 13. cxd6 (13.
f4 $5 Nc4 (13... Nc6 14. Nxc6 Bxc6 15. e5 $16) 14. cxd6 cxd6 15. b3 $14) 13...
cxd6 14. a4 Rc8 15. Qb3 Nc4 16. f3 Qc7 17. Bf1 Na5 18. Qa2 Nc6 19. Be3 Ne5 20.
Bf2 Bc6 $10 {Neckar,L-Knaak,R/Balasiha 1977}) 12. h3 (12. a4 $5 a5 13. Ndb5 Nc5
(13... Ne5 14. Qe2 Bg4 15. f3 Be6 16. b3 Nfd7 17. Be3 $14) 14. Be3 b6 15. f3
$14) 12... c5 13. Nf3 (13. Nde2 $5 Ne5 (13... Qc7 14. a4 $14) (13... b5 14.
cxb5 axb5 15. Rxd6 b4 16. Nd5 Nxd5 17. Rxd5 Bb7 18. Rd1 $16) 14. b3 b5 15. f4
Ned7 (15... Nc6 $2 16. e5 Nb4 17. Qd2 $16) 16. cxb5 axb5 17. Rxd6 b4 18. e5
bxc3 19. exf6 Bxf6 20. Nxc3 Qe7 21. Rd1 c4 $44) 13... b5 $10 14. Rxd6 (14. cxb5
axb5 15. Rxd6 b4 16. e5 bxc3 17. exf6 cxb2 18. Bxb2 Rxb2 19. Qxb2 Bxf6 20. Qxf6
Qxf6 21. Rxf6 Nxf6 22. Rc1 Be6 $10) 14... b4 15. e5 bxc3 16. exf6 cxb2 17. Bxb2
Rxb2 18. Qxb2 Bxf6 19. Qc1 (19. Qxf6 Qxf6 20. Rxf6 Nxf6 21. Rb1 $10) 19... Qe7
20. Rxf6 (20. Rd1 Bxa1 21. Qxa1 $10) 20... Qxf6 21. Rb1 Re2 22. Qh6 $2 (22. Qa3
Kg7 {/\Ne5} (22... Rc2 23. Qe3 $36) 23. Bf1 $10) 22... Rxa2 $17 23. Kh2 (23.
Re1 Ra1 $17) 23... Re2 (23... Rxf2 $2 24. Re1 Qd8 25. Qe3 $1 Rxg2+ 26. Kxg2 $10
) 24. Rb3 Ne5 25. Rb8 $2 (25. Re3 Nxf3+ 26. Bxf3 Rxe3 27. Qxe3 Be6 $17) 25...
Nxf3+ 26. Bxf3 Rxf2+ $19 27. Kg1 (27. Bg2 Qc6 $19) 27... Rf1+ $1 28. Kh2 (28.
Kxf1 Qxf3+ 29. Kg1 Qxg3+ $19) 28... Qf5 29. Bg2 Rf2 30. Kh1 Re2 31. h4 Re8 32.
Kh2 Bd7 33. Rxe8+ Bxe8 34. Qe3 Bd7 35. Bd5 Qf1 36. h5 Qh3+ 37. Kg1 Qxh5 38.
Qxc5 Be6 39. Qd6 Qd1+ 40. Kg2 Qe2+ 41. Kg1 Qe1+ 42. Kg2 a5 43. Bxe6 Qxe6 44.
Qd8+ Kg7 45. Qd4+ (45. Qxa5 Qxc4 46. Qe5+ f6 47. Qe7+ Qf7 $19) 45... Qf6 46.
Qd5 a4 47. c5 a3 48. c6 Qb2+ 0-1

[Event "YUG-ch op"]
[Site "Nis"]
[Date "1996.??.??"]
[Round "8"]
[White "Malaniuk, Vladimir P"]
[Black "Dimitrov, Vladimir"]
[Result "1-0"]
[WhiteElo "2610"]
[BlackElo "2530"]
[Annotator "Malaniuk,V"]
[PlyCount "63"]
[EventDate "1996.??.??"]
[EventType "swiss"]
[EventRounds "10"]
[EventCountry "YUG"]
[SourceTitle "EXT 1999"]
[Source "ChessBase"]
[SourceDate "1998.11.16"]
[SourceVersion "1"]
[SourceVersionDate "1998.11.16"]
[SourceQuality "1"]

1. d4 Nf6 2. Nf3 g6 3. g3 Bg7 4. Bg2 O-O 5. c4 d6 6. O-O Nbd7 7. Qc2 e5 8. Rd1
Qe7 9. Nc3 c6 10. e4 Re8 11. Be3 (11. b3) 11... exd4 12. Nxd4 Ng4 (12... Ne5)
13. Bf4 Nge5 14. b3 Nc5 15. h3 Ne6 16. Nxe6 (16. Be3 $2 Nxd4 17. Bxd4 Bxh3 $1
$17) 16... Bxe6 $146 (16... fxe6) 17. Be3 (17. Rac1 $5 g5 $5 18. Be3 g4 19. h4
$13) 17... f5 18. Rac1 fxe4 19. Nxe4 Bf5 20. Qd2 Bxh3 $6 (20... Nxc4 $1 21.
Rxc4 d5 22. Bc5 (22. Ra4 b5) 22... Qc7 23. Nd6 dxc4 24. Nxe8 Rxe8 25. bxc4 $11)
21. Nxd6 Rf8 22. Bf4 Bxg2 23. Kxg2 h6 (23... b6 24. Re1 Rad8 25. Rcd1 h6 26.
Qd4 $1 Rfe8 27. Nxe8 Rxd4 28. Rxd4 Qxe8 29. Bxe5 Bxe5 30. Rde4 $16) 24. c5 $1
g5 25. Bxe5 Qxe5 $6 (25... Bxe5 26. Qe2 Bxd6 (26... Qf6 27. Rc4 Rad8 28. Re4
Bxd6 29. Re6 Qf5 30. cxd6) 27. Qc4+ Qf7 28. Rxd6 Qxc4 29. Rxc4 Kg7 30. Re4 $16)
26. Re1 Qf6 (26... Qd4 27. Qxd4 Bxd4 28. Re2 $16) 27. Nxb7 h5 28. Nd6 h4 29.
Qe2 $18 g4 30. gxh4 Qf3+ (30... Qxh4 31. Rh1 {/\ 32.Qc4, 32.Qe6}) 31. Qxf3 Rxf3
32. Rc4 (32. Rc4 Raf8 33. Re2 R8f4 34. Rxf4 Rxf4 35. Kg3) 1-0

[Event "Ubeda"]
[Site "Ubeda"]
[Date "1997.02.19"]
[Round "10"]
[White "Bareev, Evgeny"]
[Black "Jussupow, Artur"]
[Result "1-0"]
[WhiteElo "2665"]
[BlackElo "2665"]
[Annotator "Stohl,I"]
[PlyCount "131"]
[EventDate "1997.02.07"]
[EventType "tourn"]
[EventRounds "11"]
[EventCountry "ESP"]
[EventCategory "16"]
[SourceTitle "CBM 058"]
[Source "ChessBase"]
[SourceDate "1997.06.01"]
[SourceVersion "1"]
[SourceVersionDate "1997.06.01"]
[SourceQuality "1"]

1. c4 {Huzman} e5 2. g3 d6 3. Bg2 g6 4. d4 Nd7 5. Nf3 Bg7 6. Nc3 Ngf6 7. O-O
O-O 8. e4 exd4 9. Nxd4 Re8 10. h3 Nc5 11. Re1 Bd7 (11... a5 12. Bf4 $5 (12. Rb1
h6 13. Kh2 Nh7 (13... Bd7 $142 $5) 14. Be3 Ng5 15. f3 h5 16. Qd2 Nh7 17. f4 h4
18. g4 Nf6 19. Bg1 Bxg4 {Black has lost too many tempi and this sacrifice
acn't be correct.} 20. hxg4 Nxg4+ 21. Kh1 Bh6 22. Rf1 Nf6 23. Rbe1 Nh5 24. Bh2
Ng3+ 25. Bxg3 hxg3 26. Bh3 Kg7 27. Kg2 Rh8 28. Re3 Ne6 29. Rxg3 {1-0,
Chiburdanidze,M-Frolov,D/RUS-Cup4 Perm/1997/}) (12. b3 h6 13. Rb1 Nh7 14. Re2
Ng5 15. h4 Nh7 16. Be3 Nf6 17. f3 Nh5 18. Bf2 Be5 19. f4 Bg7 20. Re1 Nf6 21.
Ndb5 Bg4 22. Bf3 $14 {Pigusov,E-Volke,K/Ubeda op/1997/}) 12... h6 13. Qc2 Nh7
14. Be3 Ng5 15. h4 Nh7 16. Rad1 Nf6 17. Ndb5 Bd7 18. Bxc5 dxc5 19. e5 Ng4 20.
e6 Rxe6 21. Rxe6 fxe6 22. Bxb7 Ne5 23. f4 Rb8 24. fxe5 Rxb7 25. Qxg6 Qe8 26.
Qg4 Bc6 27. Ne4 Bxe4 28. Qxe4 $16 {Koniushkov,I-Varavin,V/RUS-Cup5
Ekaterinburg/1997/}) 12. Rb1 (12. Bf4 h6 13. Rb1 Nh7 14. b4 $5 Ne6 15. Be3 Nxd4
16. Bxd4 Be6 17. Nd5 {Stohl,I-Stevic,H/Vinkovci/1995/} c6 18. Ne3 $14 {[%csl
Gc4,Gd4,Rd6,Ge4] ><d6,()[+]}) 12... a5 (12... Qc8 13. Kh2 Re5 $6 14. b4 $1 Ne6
15. Nde2 Qd8 16. f4 Rh5 17. Bf3 Rh6 18. Kg2 $16 {[%csl Rh6] צh6,Aseev,
K-Yurtaev,L/Barnaul/1988/}) 13. Bf4 h6 14. g4 $5 $146 {An ambitious and rather
committal move.} (14. b3 Kh7 15. g4 h5 $6 16. g5 Ng8 17. h4 f6 18. Qd2 Qc8 19.
Nd5 fxg5 20. Bxg5 Bh3 21. f3 Bxg2 22. Kxg2 $36 Nxe4 $6 23. fxe4 Qg4+ 24. Kh2
Rxe4 25. Rxe4 Qxe4 26. Nc2 Re8 27. Re1 $18 {Stohl,I-Remlinger,L/Gausdal Arnold
Cup/1991/}) (14. Qd2 $2 $17 {[%csl Ye4,Yg5] Huzman xe4} g5) (14. Qc2 {Huzman}
Nfxe4 15. Nxe4 Bxd4 16. Nxc5 (16. Rbd1 Nxe4 17. Rxd4) 16... dxc5 17. Bxh6 Bf5
18. Be4 Rxe4 19. Rxe4 Qf6 20. Rbe1 g5 $17) 14... Ne6 (14... Nh7 15. Be3 $1 Ng5
16. Qc2 $14) 15. Be3 (15. Nxe6 $143 Bxe6 16. Nd5 Nd7 $13) 15... Nxd4 16. Bxd4
Be6 17. Qd3 {O} g5 $5 {Leads to a strategically interesting and double-edged
situation. Black weakens his >>, but gains strong black-square control. It
will be interesting to watch both sides realize their positional ideas.} (17...
Nd7 18. Bxg7 Kxg7 19. f4 {()}) 18. b3 Nd7 19. Bxg7 Kxg7 20. Ne2 $1 Qf6 (20...
Ne5 21. Qc3 $1 (21. Qd2 $143 Ng6 $5 22. f4 gxf4 23. Nxf4 Nxf4 24. Qxf4 f6 $11 {
[%csl Rg2] ץg2}) 21... f6 (21... Qf6 {Huzman}) 22. f4 $14) 21. Qd2 Ne5 22. Ng3
$1 (22. f4 gxf4 23. Nxf4 Qg5 24. Nh5+ Kf8 {enables Black to post his Q more
actively.}) 22... Kf8 (22... Nf3+ $2 23. Bxf3 Qxf3 24. Re3 $18) 23. Nh5 Qh8 24.
f4 gxf4 25. Nxf4 {In spite of strong Ne5 the white have advantage because of
dangerous position of the black king.} (25. Qxf4 $2 Nd3) 25... b6 $6 {
Somewhere here Black starts to lose the thread and gets under pressure. Surely
this weakening move was not necessary.} (25... Ke7 $142) (25... a4 $5 $132) 26.
Rf1 Ke7 27. Nd5+ $1 Bxd5 $8 (27... Kd8 28. Rf6 $1 (28. Nxb6 $5 cxb6 29. Qxd6+
Nd7 30. e5 $44) 28... Ng6 29. e5 $1 $40) 28. cxd5 {[%csl Rc7,Rf7,Rh6] ><c7,f7,
h6} Qg7 29. Rf5 Kd8 30. Rbf1 Kc8 31. Rf6 Kb7 $5 {Black relies on his Ne5 and
sacrifices a pawn.} ({The passive} 31... Rh8 32. R1f5 Kb7 33. Qf4 Rae8 (33...
Rh7 34. Rxe5 $1 dxe5 35. Qxe5 $40) 34. Rh5 Ng6 $14 {was probably better.}) 32.
Rxh6 (32. Qxh6 $5 Qxh6 33. Rxh6 a4 34. b4 $16) 32... a4 33. Rhf6 (33. b4 $5)
33... axb3 34. axb3 Ra3 $6 35. Qc1 Ra2 $8 (35... Rxb3 36. Rxf7 Nxf7 37. Qc6+
$40 (37. Qc6+ {Huzman} Ka6 38. Qxe8 $18)) 36. Qc3 (36. Rxf7 $143 $6 Nxf7 37.
Qc6+ Ka6 $1 (37... Ka7 {Huzman} 38. Qxc7+ Ka6 39. Rxf7 Qd4+ 40. Kh1 (40. Kh2
Rxg2+ 41. Kxg2 Qxe4+ $11) 40... Ra1+ 41. Rf1 $16) 38. Qc4+ $1 (38. Qxe8 Qb2 39.
Qa8+ Kb5 40. Qc6+ (40. Qxa2 Qxa2 41. Rxf7 Qxb3 $15) 40... Ka5 41. Qa8+ Kb4 $36)
38... Kb7 39. Qc6+ $11) 36... Kb8 37. R6f5 (37. Rxf7 {Huzman} Qxf7 38. Rxf7
Nxf7 $44) 37... Qh6 38. R5f2 Ra7 (38... Rxf2 39. Rxf2 {[%cal Rf2a2,Rc3a1] /
\Ra2,Qa1->} Kc8 40. Rc2 Re7 41. Qa1 $16) 39. b4 (39. Ra1 Rxa1+ 40. Qxa1 Qe3 $13
) 39... Rh8 40. Rf6 Qh4 41. R6f5 Rg8 (41... Re8 $142 $5 42. Rh5 $36) 42. Rxe5
$1 {White crowns his strategy with this positional sacrifice. His central
pawns will become strong and especially the poor Bg2 will profit greatly from
the opening of the position.} dxe5 43. Qxe5 (43. Rxf7 Re8 $5 $16) 43... Qh6 44.
Qf4 $1 (44. Rxf7 Qd2 $132) 44... Qxf4 (44... Qh8 {Huzman} 45. Qxf7 $18) 45.
Rxf4 {By exchanging Q White avoids any complications and converts his
advantage with ease.} Rg7 (45... Ra4 46. e5 $1 (46. Rxf7 Rxb4 47. e5 Rb1+ $16)
46... Re8 47. Rxf7 Rxb4 (47... Rxe5 48. Rf8+ Ka7 49. d6 $1 $18) 48. e6 {
[%cal Rg4g7] /\g5-g6-g7+-}) 46. h4 $1 {A fine endgame performance by Bareev,
who methodically squeezes his opponent.} Kc8 (46... Ra4 47. e5 $18) 47. g5 Ra2
48. Kh2 Kd7 49. Kg3 Kd6 (49... c6 $5 50. Rf6 (50. e5 $5) 50... cxd5 51. exd5
Kc7 52. d6+ Kd8) 50. Rf5 $18 c5 51. e5+ Ke7 52. d6+ Ke6 53. Bh3 $1 Ra7 (53...
Ra3+ $2 54. Rf3+ $18) (53... Kd5 54. e6+ $1 Kxd6 55. exf7 $18) 54. Kf4 Kd5 (
54... cxb4 55. Rf6+ Kd5 56. d7 Ra8 57. Rd6+ $18) 55. Rf6 Rh7 56. Rh6 $1 (56. d7
$2 Rxh4+ 57. Kg3 Rxh3+ 58. Kxh3 Rxd7 $11) 56... Rxh6 $8 (56... Rg7 57. d7) 57.
gxh6 f6 (57... cxb4 58. h7 Ra8 59. Bg2+ $18) 58. exf6 Kxd6 (58... cxb4 59. d7
$18) 59. bxc5+ bxc5 60. Bf5 $1 {[%cal Rf4g7] The last important move. Here the
B simultaneously furthers the advance of the h-pawn, cuts off Black's K and
check's the black P. Then White's K just marches over to g7.} Ra8 61. h7 c4 62.
Kg5 c3 63. Kg6 Ke5 64. Bc2 Ke6 65. Bb3+ Ke5 66. Kg7 (66. Kg7 Rb8 67. f7) 1-0